000 00449ntaaa2200181 4500
003 01
005 20251027202404.0
008 0714s1973 ag 01
040 _aAR-BaBN
_bspa
_cAR-BaBN
_eaacr
_dRIC
082 _a283.0000 H66
100 _aHodges, H.A.
_98105
245 _aAnglicanism and orthodoxy
250 _a1 ed.
260 _aLondon :
_bSCM Press,
_cc1957
300 _a58 p
500 _aA study in dialectical churchmanship
942 _cBK
999 _c18797
_d18797